धीरूभाईज़्मः धीरूभाई अम्बानी की अदुभुत कार्य पद्धति / (Record no. 11710)
[ view plain ]
| 000 -LEADER | |
|---|---|
| fixed length control field | 01320 a2200217 4500 |
| 005 - DATE AND TIME OF LATEST TRANSACTION | |
| control field | 2008082607157.0 |
| 008 - FIXED-LENGTH DATA ELEMENTS--GENERAL INFORMATION | |
| fixed length control field | 080826t xxu||||| |||| 00| 0 hin d |
| 010 ## - LCCN (DPL NO) | |
| LC control number | HIN-83118 |
| 020 ## - INTERNATIONAL STANDARD BOOK NUMBER | |
| International Standard Book Number | 8128812114 |
| Terms of availability | 75.00 |
| 035 ## - SYSTEM CONTROL NUMBER | |
| System control number | HN-55464 |
| 037 ## - SOURCE OF ACQUISITION | |
| Source of stock number/acquisition | पु.प्र.अ.प्र /प्रका |
| 082 ## - DEWEY DECIMAL CLASSIFICATION NUMBER | |
| Classification number | 658.4092 |
| 100 ## - MAIN ENTRY--PERSONAL NAME | |
| Personal name | कृष्णमूर्ति, ए.जी. |
| 245 ## - TITLE STATEMENT | |
| Title | धीरूभाईज़्मः धीरूभाई अम्बानी की अदुभुत कार्य पद्धति / |
| Statement of responsibility, etc | ए.जी.कृष्णमूर्ति |
| 246 ## - VARYING FORM OF TITLE | |
| Title proper/short title | Dhirubhaism |
| Remainder of title | by A.G. Krishnamurthy |
| 260 ## - PUBLICATION, DISTRIBUTION, ETC. (IMPRINT) | |
| Place of publication, distribution, etc | नई दिल्ली |
| Name of publisher, distributor, etc | डायमंड पॉकेट बुक्स |
| Date of publication, distribution, etc | 2007 |
| 270 ## - ADDRESS | |
| Address | x-30,ओखला इंडस्ट्रियल एरिया, फेज-11 |
| City | नई दिल्ली |
| Postal code | 110020 |
| Telephone number | 011- 41611861 |
| Fax number | 011- 41611866 |
| Electronic mail address | sales@diamondpublication.com |
| 300 ## - PHYSICAL DESCRIPTION | |
| Extent | 96पृ |
| Dimensions | 22 सेमी (अजिल्द) |
| Other physical details | सचित्र |
| 942 ## - ADDED ENTRY ELEMENTS (KOHA) | |
| Institution code [OBSOLETE] | dpl |
| Item type | Hindi Books |
| Call number prefix | 658.4092 / कृष्णमू |
| Source of classification or shelving scheme | Dewey Decimal Classification |
| Classification part | 658.4092 |
| Call number suffix | कृष्णमू |
| Withdrawn status | Lost status | Damaged status | Not for loan | Home library | Current library | Date acquired | Cost, normal purchase price | Total Checkouts | Full call number | Barcode | Date last seen | Copy number | Cost, replacement price | Koha item type |
|---|---|---|---|---|---|---|---|---|---|---|---|---|---|---|
| D.B.Act.Division | D.B.Act.Division | 75.00 | 658.4092 कृष्णमू | HN-55464 | 15/09/2008 | 1 | 75.00 | Hindi Books |
